Datum a čas kvízu
29
Celkem bodů
Celkový počet nahraných bodů na tomto kvízu bez doplňovacích otázek.
7.
Pořadí na kvízu
Konečné umístění týmu na tomto kvízu.
Zaznamenané odpovědi
| # | Otázka | Odpověď | Body | Výsledky |
|---|---|---|---|---|
| 2. | Který ze členů britské královs... | princ Andrew | 1 | |
| 3. | Počátkem týdne jsme se dozvědě... | Katy Perry; Justin Trudeau | 1 | |
| 4. | Velký průlom v regenerativní m... | krev | 1 | |
| 5. | Fotbalisté z malého afrického... | Kapverdy | 1 | |
| 1. | Minulý čtvrtek byl na několik... | Metrouš | 0 | |
| 6. | Asijská poušť Karakum, uprostř... | Turkmenistán | 1 | |
| 7. | Uveďte, kterým čtyřpísmenným p... | vádí | 1 | |
| 8. | Vyberte, se kterým živočichem... | B | 1 | |
| 9. | Pokud bylo cílovým místem slav... | růžová (Růžové jezero) | 1 | |
| 10. | Který spisovatel je autorem vě... | Frank Herbert | 1 |